Die 20 kleinsten Länder im Commonwealth - Statistiken

Allgemein
  • Dieses Quiz wurde 67 mal gespielt
  • Das Durchschnittsergebnis liegt bei 14 aus 20
Antwortstatistiken
Fläche in km² Land % Korrekt
748 Tonga
87%
26 Tuvalu
87%
442 Antigua und Barbuda
80%
344 Grenada
80%
21 Nauru
80%
616 St. Lucia
80%
389 St. Vincent und die Grenadien
80%
269 St. Kitts und Nevis
78%
811 Kiribati
77%
2,831 Samoa
77%
751 Dominica
72%
5,128 Trinidad und Tobago
72%
430 Barbados
67%
316 Malta
62%
10,991 Jamaika
60%
455 Seychellen
58%
2,040 Mauritius
50%
9,251 Zypern
43%
660 Singapur
40%
5,765 Brunei
38%
Keine übereinstimmenden Quizze gefunden
Verteilung der Resultate
Anzahl Personen mit jedem Resultat
Perzentil nach korrekt beantworteten Fragen
Ihre Resultats-Entwicklung
Sie haben dieses Quiz noch nicht gespielt